[Event "Arab-ch U12/14 Girls"]
[Site "Hammamet"]
[Date "2018.10.28"]
[Round "1.4"]
[White "Chairat, Malek"]
[Black "Makhlouf, Ahlam"]
[Result "0-1"]
[WhiteElo "1246"]
[BlackElo "1408"]
[PlyCount "58"]
[EventDate "2018.10.28"]
[EventType "swiss"]
[EventRounds "9"]
[EventCountry "TUN"]
[SourceTitle "EXT 2024"]
[Source "ChessBase"]
[SourceDate "2023.10.10"]
[SourceVersion "1"]
[SourceVersionDate "2023.10.10"]
[SourceQuality "1"]

1. e4 c5 2. Nf3 d6 3. d4 cxd4 4. Nxd4 g6 5. Be3 Bg7 6. Nc3 Nf6 7. Bd3 Nc6 8. Bb5 Bd7 9. Nb3 0-0 10. Qd2 a6 11. Be2 b5 12. 0-0-0 b4 13. Nd5 Nxe4 14. Qd3 Bf5 15. Qc4 Rc8 16. Qxa6 Nb8 17. Qb5 Nxf2 18. Rd2 Nxh1 19. Qxb4 Nd7 20. c3 Nf6 21. Bf3 Nxd5 22. Bxd5 Qc7 23. Bd4 Bh6 24. Qb5 Bxd2+ 25. Kxd2 e6 26. Bf3 e5 27. Be3 Rfd8 28. Qf1 d5 29. Qxh1 d4 0-1